5HLuxD.jpg

KING HENRY VIII SENIOR AND PRIMARY SCHOOL LIBRARY OPAC

Anna Karenina / (Record no. 1695)

000 -LEADER
fixed length control field 01608pam a2200397 i 4500
001 - CONTROL NUMBER
control field 018017002
003 - CONTROL NUMBER IDENTIFIER
control field Uk
005 - DATE AND TIME OF LATEST TRANSACTION
control field 20230120102729.0
008 - FIXED-LENGTH DATA ELEMENTS--GENERAL INFORMATION
fixed length control field 170411s2016 enka j b 000 1 eng
010 ## - LIBRARY OF CONGRESS CONTROL NUMBER
LC control number 2016479956
015 ## - NATIONAL BIBLIOGRAPHY NUMBER
National bibliography number GBB6D0519
Source bnb
016 7# - NATIONAL BIBLIOGRAPHIC AGENCY CONTROL NUMBER
Record control number 018017002
Source Uk
020 ## - INTERNATIONAL STANDARD BOOK NUMBER
International Standard Book Number 9781911091042 (pbk.) :
040 ## - CATALOGING SOURCE
Original cataloging agency StDuBDS
Language of cataloging eng
Transcribing agency StDuBDS
Modifying agency Uk
Description conventions rda
042 ## - AUTHENTICATION CODE
Authentication code ukblcatcopy
082 00 - DEWEY DECIMAL CLASSIFICATION NUMBER
Classification number 823.92 EVA
Edition number 23
100 1# - MAIN ENTRY--PERSONAL NAME
Personal name Evans, Tony
Titles and words associated with a name (Children's fiction writer),
Relator term adapter.
245 10 - TITLE STATEMENT
Title Anna Karenina /
Statement of responsibility, etc. Leo Tolstoy ; retold by Tony Evans ; illustrated by Maxim Larin.
264 #1 - PRODUCTION, PUBLICATION, DISTRIBUTION, MANUFACTURE, AND COPYRIGHT NOTICE
Place of production, publication, distribution, manufacture Stroud, Gloucestershire, UK :
Name of producer, publisher, distributor, manufacturer Real Reads Ltd,
Date of production, publication, distribution, manufacture, or copyright notice 2016.
264 #4 - PRODUCTION, PUBLICATION, DISTRIBUTION, MANUFACTURE, AND COPYRIGHT NOTICE
Date of production, publication, distribution, manufacture, or copyright notice ©2016
300 ## - PHYSICAL DESCRIPTION
Extent 64 pages :
Other physical details color illustrations ;
Dimensions 21cm
336 ## - CONTENT TYPE
Content type term text
Content type code txt
Source rdacontent
337 ## - MEDIA TYPE
Media type term unmediated
Media type code n
Source rdamedia
338 ## - CARRIER TYPE
Carrier type term volume
Carrier type code nc
Source rdacarrier
500 ## - GENERAL NOTE
General note Formerly CIP.
Institution to which field applies Uk
504 ## - BIBLIOGRAPHY, ETC. NOTE
Bibliography, etc. note Includes bibliographical references (pages 60-61).
520 ## - SUMMARY, ETC.
Summary, etc. An abridged, easy-to-read retelling of the classic Russian story centered around Anna Karenina, a young woman who is destroyed when she attempts to live outside the moral law of her society. Includes "food for thought" and other supplementary materials.
650 #1 - SUBJECT ADDED ENTRY--TOPICAL TERM
Topical term or geographic name entry element Conduct of life
Form subdivision Fiction.
650 #1 - SUBJECT ADDED ENTRY--TOPICAL TERM
Topical term or geographic name entry element Interpersonal relations
Form subdivision Fiction.
650 #1 - SUBJECT ADDED ENTRY--TOPICAL TERM
Topical term or geographic name entry element Dating (Social customs)
Form subdivision Fiction.
651 #1 - SUBJECT ADDED ENTRY--GEOGRAPHIC NAME
Geographic name Russia
General subdivision History
Chronological subdivision 1801-1917
Form subdivision Fiction.
655 #0 - INDEX TERM--GENRE/FORM
Genre/form data or focus term Children's stories.
700 1# - ADDED ENTRY--PERSONAL NAME
Personal name Larin, Maxim,
Relator term illustrator.
700 1# - ADDED ENTRY--PERSONAL NAME
Relationship information Abridgment of (work)
Personal name Tolstoy, Leo,
Titles and other words associated with a name graf,
Dates associated with a name 1828-1910.
Title of a work Anna Karenina.
Language of a work English.
942 ## - ADDED ENTRY ELEMENTS (KOHA)
Source of classification or shelving scheme
Koha item type Books - Non Ficton
Holdings
Withdrawn status Lost status Source of classification or shelving scheme Damaged status Not for loan Collection code Permanent Location Current Location Shelving location Date acquired Full call number Barcode Date last seen Price effective from Koha item type
          Non-Fiction KH8 Primary School Library KH8 Primary School Library Non Fiction 2023-01-20 823.92 EVA KHPL000003453 2025-12-05 2023-01-20 Books - Non Ficton

Powered By KH8 IT Dept